00321nam a2200121Ia 4500008004100000041000800041082001600049100001900065245004500084260003200129300003100161365000700192240624s9999 xx 000 0 und d aeng a658.422 PHA aPHAN PHILLIP H aTAKING BACK THE BOARDROOM BETTER DIRECTI c2000aSingaporebMcGrawhill axxi, : 249 : p. : cm. ; 24 cRS